00305nam a2200121Ia 4500008004100000041000800041082001200049100001600061245002900077260003400106300003200140365001100172240624s9999 xx 000 0 und d aeng a823 MUR aMURTY SUDHA aGRANDMA S BAG OF STORIES c2012aNew DelhibPuffin Books aviii, : 166 : p. : cm. ; 20 cRSb25